| 000 | 00967nmm a2200277 a 4500 | ||
|---|---|---|---|
| 001 | ocm000746560 | ||
| 003 | TR-IsHL | ||
| 005 | 20201028153558.0 | ||
| 008 | 140402s2005 tu tur | ||
| 007 | cr cn | ||
| 020 | _a9789758986118 | ||
| 035 |
_a746560 _b(N$T) |
||
| 050 | 0 | 4 |
_aPJ7846.A45 _bC48 2005 |
| 090 | 0 | 4 |
_aPJ7846.A45 _bC48 2005 |
| 100 | 1 | _aCeviz, Nuretrin | |
| 245 | 1 | 0 |
_aLibya'nın vatan şairi: Ahmed Refik El-Mehdevi 1898-1961, hayatı ve edebi kişiliği _h[electronic resource] / _cNuretrin Ceviz |
| 260 |
_aİstanbul : _bAktif Yayınevi, _c2005 |
||
| 300 | _a1662 p. | ||
| 650 | 4 | _aDil ve Edebiyat | |
| 650 | 4 | _aLanguage and Literature | |
| 650 | 0 | _aAhmet Refik El-Mehdevi (1898-1961) | |
| 650 | 0 |
_aLibya edebiyatı _x Şiir |
|
| 650 | 0 |
_aLibya literature _x Poetry |
|
| 650 | 7 |
_aBIOGRAPHY & AUTOBIOGRAPHY / Literary _2bisacsh |
|
| 856 | 4 | 0 | _uhttp://search.ebscohost.com/login.aspx?direct=true&scope=site&db=e011xww&AN=746560 |
| 999 |
_c12119 _d12119 |
||